Pets in Horror Movies Quiz Stats

 Plays Quiz not verified by Sporcle

Score 0/15 Timer 05:00
3 Plays Today
% Correct
Alien
90.9%
Cujo
89%
The Fly
72.4%
I am Legend
69.3%
Frankenweenie
59.3%
Pet Sematary
49.7%
Silence of the Lambs
39.6%
The Lost Boys
36%
% Correct
The Hills Have Eyes
22.8%
Willard
21.3%
Halloween
8.4%
Nightmare on Elm Street
6.6%
Evil Dead
5.5%
The Sentinel
2.3%
A Comedy of Terror
1.4%

You're not logged in!

Compare scores with friends on all Sporcle quizzes.
OR
Log In

You Might Also Like...

Show Comments

Extras

Top Quizzes Today


Score Distribution

Your Account Isn't Verified!

In order to create a playlist on Sporcle, you need to verify the email address you used during registration. Go to your Sporcle Settings to finish the process.

Report this User

Report this user for behavior that violates our Community Guidelines.

Details: